[Event "GRENKE Chess Open 2024"]
[Site "Karlsruhe"]
[Date "2024.03.31"]
[Round "6.32"]
[White "Brandt, Sebastian"]
[Black "Wenninger, Philipp"]
[Result "1/2-1/2"]
[WhiteElo "2197"]
[BlackElo "2348"]
[Annotator "RC"]
[PlyCount "22"]
[EventDate "2024.03.28"]
[EventType "swiss"]
[EventCountry "GER"]
[SourceTitle "playchess.com"]
[Source "ChessBase"]
[SourceQuality "1"]

1. d4 Nf6 2. Bg5 g6 3. Bxf6 exf6 4. c4 d5 5. cxd5 Qxd5 6. Nc3 Qd8 7. e3 a6 8. g3 Bd6 9. Bg2 Nd7 10. Nge2 f5 11. Qb3 Rb8 1/2-1/2

[Event "GRENKE Chess Open 2024"]
[Site "Karlsruhe"]
[Date "2024.03.31"]
[Round "6.33"]
[White "Wong, Gengchun"]
[Black "Vandenbussche, Thibaut"]
[Result "1/2-1/2"]
[WhiteElo "2283"]
[BlackElo "2427"]
[Annotator "TA"]
[PlyCount "83"]
[EventDate "2024.03.28"]
[EventType "swiss"]
[EventCountry "GER"]
[SourceTitle "playchess.com"]
[Source "ChessBase"]
[SourceQuality "1"]

1. e4 e6 2. d4 d5 3. Nd2 c5 4. exd5 exd5 5. Bb5+ Nc6 6. Qe2+ Be7 7. dxc5 Nf6 8. Nb3 O-O 9. Be3 Re8 10. O-O-O a6 11. Ba4 Bd7 12. Nf3 Bf8 13. Qd2 Re4 14. Bxc6 bxc6 15. Nfd4 Ng4 16. Bg5 f6 17. f3 Re8 18. Bf4 Ne5 19. Rhe1 a5 20. a4 Qc8 21. g4 g6 22. h4 Nc4 23. Qc3 Bg7 24. Rxe8+ Qxe8 25. Re1 Qf8 26. Re2 f5 27. g5 Re8 28. Qe1 Rxe2 29. Qxe2 Bxd4 30. Nxd4 Qxc5 31. c3 Kf7 32. b3 Nd6 33. Kb2 Ne8 34. Qe5 Qe7 35. Qh8 c5 36. Qxh7+ Ng7 37. h5 cxd4 38. Qxg6+ Kg8 39. h6 dxc3+ 40. Kxc3 d4+ 41. Kb2 Bxa4 42. bxa4 1/2-1/2

[Event "GRENKE Chess Open 2024"]
[Site "Karlsruhe"]
[Date "2024.03.31"]
[Round "6.34"]
[White "Divya Deshmukh"]
[Black "Wagner, Benjamin"]
[Result "1-0"]
[WhiteElo "2424"]
[BlackElo "2151"]
[Annotator "TA"]
[PlyCount "64"]
[EventDate "2024.03.28"]
[EventType "swiss"]
[EventCountry "GER"]
[SourceTitle "playchess.com"]
[Source "ChessBase"]
[SourceQuality "1"]

1. c4 e5 2. g3 Nf6 3. Bg2 d5 4. cxd5 Nxd5 5. Nc3 Nb6 6. Nf3 Nc6 7. O-O Be7 8. a3 O-O 9. b4 Be6 10. d3 f6 11. Be3 Nd5 12. Nxd5 Bxd5 13. Rc1 a6 14. Bc5 Qd7 15. Bxe7 Nxe7 16. Qc2 c6 17. e4 Bf7 18. d4 exd4 19. Rfd1 Rfd8 20. Nxd4 Qc7 21. f4 a5 22. Qc3 axb4 23. axb4 Ra2 24. Bf1 Rda8 25. Bc4 Bxc4 26. Qxc4+ Kh8 27. Qf7 Nd5 28. Qxd5 cxd5 29. Rxc7 dxe4 30. Nf5 g6 31. Nh6 Rb2 32. Ng4 e3 1-0

[Event "GRENKE Chess Open 2024"]
[Site "Karlsruhe"]
[Date "2024.03.31"]
[Round "6.35"]
[White "Janeczko, Jakub"]
[Black "Schlosser, Philipp"]
[Result "1-0"]
[WhiteElo "2278"]
[BlackElo "2511"]
[Annotator "RC"]
[PlyCount "95"]
[EventDate "2024.03.28"]
[EventType "swiss"]
[EventCountry "GER"]
[SourceTitle "playchess.com"]
[Source "ChessBase"]
[SourceQuality "1"]

1. e4 c5 2. Nf3 e6 3. d4 cxd4 4. Nxd4 a6 5. Bd3 Bc5 6. Nb3 Ba7 7. Qe2 Nc6 8. O-O Nge7 9. Be3 O-O 10. Nc3 b5 11. a3 Ne5 12. Bxa7 Rxa7 13. f4 Qb6+ 14. Kh1 Nxd3 15. cxd3 d6 16. Qf2 Qb8 17. Na5 Bd7 18. Rfc1 f5 19. Qe3 Rc7 20. Ne2 e5 21. fxe5 dxe5 22. exf5 Nxf5 23. Qe4 Kh8 24. b4 Ne7 25. Rf1 Rcc8 26. d4 Ng6 27. d5 Rf6 28. Nb3 Rc4 29. Qe3 Nf4 30. Nc3 Bf5 31. Nc5 Rd4 32. Rae1 Ng6 33. Rd1 Rxd1 34. Rxd1 Rf8 35. h3 Qb6 36. d6 Rd8 37. d7 Bxd7 38. Qg5 h6 39. Qd2 Nf8 40. Nd5 Qg6 41. Ne7 Qf7 42. Nc6 Bxc6 43. Qxd8 Qf2 44. Qd2 Bxg2+ 45. Kh2 Qf3 46. Qd3 Ng6 47. Qxf3 Bxf3 48. Rd6 1-0

[Event "GRENKE Chess Open 2024"]
[Site "Karlsruhe"]
[Date "2024.03.31"]
[Round "6.36"]
[White "Papp, Gabor"]
[Black "Kolb, Tobias"]
[Result "1-0"]
[WhiteElo "2558"]
[BlackElo "2323"]
[Annotator "TA"]
[PlyCount "77"]
[EventDate "2024.03.28"]
[EventType "swiss"]
[EventCountry "GER"]
[SourceTitle "playchess.com"]
[Source "ChessBase"]
[SourceQuality "1"]

1. e4 e5 2. Nf3 Nc6 3. Bc4 Bc5 4. d3 Nf6 5. Bg5 h6 6. Bh4 d6 7. c3 a6 8. a4 Ba7 9. Nbd2 g5 10. Bg3 Nh5 11. Nxe5 Nxg3 12. Bxf7+ Kf8 13. Ng6+ Kxf7 14. Nxh8+ Qxh8 15. hxg3 Qf6 16. f4 Kg7 17. Qf3 Bd7 18. O-O-O g4 19. Qe2 b5 20. d4 b4 21. Nc4 bxc3 22. bxc3 Rb8 23. f5 Bxd4 24. cxd4 Nxd4 25. Qxg4+ Kf8 26. e5 Nb3+ 27. Kb2 dxe5 28. Qh4 Nd4+ 29. Ka2 Qxh4 30. Rxh4 Bxa4 31. Rc1 Ne2 32. Re1 Bd1 33. Nd2 Rd8 34. Nf3 e4 35. Rxh6 exf3 36. Rh8+ Ke7 37. f6+ Kxf6 38. Rxd8 fxg2 39. Rdxd1 1-0

[Event "GRENKE Chess Open 2024"]
[Site "Karlsruhe"]
[Date "2024.03.31"]
[Round "6.37"]
[White "Kozul, Zdenko"]
[Black "Tifferet, Shakked"]
[Result "0-1"]
[WhiteElo "2529"]
[BlackElo "2310"]
[Annotator "TA"]
[PlyCount "127"]
[EventDate "2024.03.28"]
[EventType "swiss"]
[EventCountry "GER"]
[SourceTitle "playchess.com"]
[Source "ChessBase"]
[SourceQuality "1"]

1. d4 Nf6 2. c4 e6 3. g3 d5 4. Bg2 Bb4+ 5. Nd2 O-O 6. Ngf3 b6 7. O-O Bb7 8. cxd5 exd5 9. Qa4 Bd6 10. Ne5 Nc6 11. Nxc6 Qd7 12. Qc2 Bxc6 13. Nf3 Rfe8 14. Bf4 Bb5 15. Bxd6 cxd6 16. Rfe1 Rac8 17. Qd1 Rc7 18. Nd2 Qg4 19. Nb1 Bxe2 20. Qd2 Rce7 21. Nc3 Bf3 22. Rxe7 Rxe7 23. h3 Qf5 24. Re1 Rxe1+ 25. Qxe1 Bxg2 26. Kxg2 h5 27. Nb5 Ne4 28. h4 Qd7 29. Qe2 g6 30. f3 Nf6 31. Nc3 Kg7 32. Qd2 b5 33. Nd1 Ng8 34. Qa5 Nh6 35. Nc3 Qe6 36. Qxb5 Nf5 37. Qe2 Nxd4 38. Qxe6 fxe6 39. b4 Nc2 40. b5 Na3 41. Kf2 d4 42. Ne4 Nxb5 43. a4 d5 44. Nc5 Nc7 45. f4 Kf6 46. Kf3 Kf5 47. Nd3 Na6 48. a5 Kf6 49. Ke2 Kf5 50. Kf3 Nc7 51. Ne5 Nb5 52. Nc6 d3 53. Ne7+ Kf6 54. Nc6 a6 55. Ke3 Kf5 56. Ne5 Nd6 57. Kxd3 Nb7 58. Nc6 Kg4 59. Nb4 Kxg3 60. Nxa6 Nxa5 61. Nc5 Kxh4 62. Nxe6 Kg3 63. Ke2 Nc6 64. Nf8 0-1

[Event "GRENKE Chess Open 2024"]
[Site "Karlsruhe"]
[Date "2024.03.31"]
[Round "6.37"]
[White "Baranciuc, Alexandr"]
[Black "Semling, Johannes"]
[Result "1-0"]
[WhiteElo "2336"]
[BlackElo "2143"]
[Annotator "RC"]
[PlyCount "117"]
[EventDate "2024.03.28"]
[EventType "swiss"]
[EventCountry "GER"]
[SourceTitle "playchess.com"]
[Source "ChessBase"]
[SourceQuality "1"]

1. e4 e6 2. d4 d5 3. Nc3 Bb4 4. e5 c5 5. Bd2 Ne7 6. a3 Bxc3 7. Bxc3 cxd4 8. Qxd4 Nbc6 9. Qg4 O-O 10. Nf3 Nf5 11. O-O-O Qb6 12. Bd3 h6 13. Qh3 d4 14. Bd2 f6 15. g4 Nfe7 16. exf6 Rxf6 17. g5 Rxf3 18. Qxf3 Ne5 19. Qe4 Nxd3+ 20. Qxd3 e5 21. Bb4 Bf5 22. Qb3+ Kh7 23. Bxe7 Qxb3 24. cxb3 Rc8+ 25. Kd2 Rc2+ 26. Ke1 Bg4 27. Bb4 Re2+ 28. Kf1 Re4 29. f3 Bxf3 30. Kf2 Rf4 31. Bd2 Rf5 32. Kg3 Bxh1 33. Rxh1 e4 34. gxh6 e3 35. Bxe3 dxe3 36. hxg7 Rb5 37. b4 a5 38. Kf3 axb4 39. a4 Ra5 40. b3 Kxg7 41. Kxe3 Rc5 42. Rd1 Kf6 43. Ke4 Ke6 44. h4 Rh5 45. Rh1 b6 46. Kd4 Rc5 47. h5 Kf7 48. h6 Kg8 49. h7+ Kh8 50. Rh6 Rc3 51. Rxb6 Rxb3 52. Kc4 Ra3 53. Kxb4 Ra1 54. a5 Kxh7 55. a6 Kg7 56. Kc5 Kf7 57. Kc6 Ke6 58. Kb7+ Kd7 59. a7 1-0

[Event "GRENKE Chess Open 2024"]
[Site "Karlsruhe"]
[Date "2024.03.31"]
[Round "6.38"]
[White "Gharibyan, Mamikon"]
[Black "Sliwicka, Alicja"]
[Result "1-0"]
[WhiteElo "2499"]
[BlackElo "2309"]
[Annotator "TA"]
[PlyCount "101"]
[EventDate "2024.03.28"]
[EventType "swiss"]
[EventCountry "GER"]
[SourceTitle "playchess.com"]
[Source "ChessBase"]
[SourceQuality "1"]

1. d4 d5 2. Nf3 e6 3. Bf4 c5 4. e3 Nc6 5. c3 cxd4 6. exd4 Bd6 7. Bxd6 Qxd6 8. Bd3 Nge7 9. O-O f6 10. Re1 O-O 11. Nbd2 Kh8 12. b4 Bd7 13. Qb1 Nf5 14. b5 Nce7 15. c4 dxc4 16. Nxc4 Qf4 17. Be4 Rac8 18. g3 Qc7 19. Rc1 Nd6 20. b6 axb6 21. Nxb6 Qxc1+ 22. Qxc1 Rxc1+ 23. Rxc1 Bb5 24. Rc7 Re8 25. Nd2 Nef5 26. a4 Ba6 27. Rd7 h5 28. Bf3 Re7 29. Rd8+ Kh7 30. Bxh5 Rc7 31. h4 Rc2 32. Nf3 Ne4 33. g4 Ne7 34. Nd7 g6 35. Nf8+ Kg7 36. Nxe6+ Kf7 37. d5 Rc8 38. d6 Rc1+ 39. Kh2 gxh5 40. dxe7 Kxe7 41. gxh5 Kxe6 42. h6 Rc7 43. Nd4+ Ke5 44. f4+ Kxf4 45. Ne6+ Kf5 46. Nxc7 Kg6 47. Nxa6 bxa6 48. Rh8 Nc5 49. h5+ Kxh5 50. h7 Kg6 51. Rc8 1-0

[Event "GRENKE Chess Open 2024"]
[Site "Karlsruhe"]
[Date "2024.03.31"]
[Round "6.38"]
[White "Sedy, Pavel"]
[Black "Gschiel, Alexander"]
[Result "0-1"]
[WhiteElo "2145"]
[BlackElo "2336"]
[Annotator "RC"]
[PlyCount "44"]
[EventDate "2024.03.28"]
[EventType "swiss"]
[EventCountry "GER"]
[SourceTitle "playchess.com"]
[Source "ChessBase"]
[SourceQuality "1"]

1. e4 c6 2. d4 d5 3. exd5 cxd5 4. Bd3 Nc6 5. c3 Qc7 6. h3 Nf6 7. Qe2 Nxd4 8. Qe3 Nc6 9. Nf3 e5 10. O-O Be7 11. Bb5 e4 12. Nd4 O-O 13. f4 Qb6 14. Be2 Bc5 15. Rd1 Re8 16. a4 Bd7 17. Kh1 Rac8 18. g4 Nxd4 19. cxd4 Bxd4 20. Rxd4 Rxc1+ 21. Qxc1 Qxd4 22. g5 Qf2 0-1

[Event "GRENKE Chess Open 2024"]
[Site "Karlsruhe"]
[Date "2024.03.31"]
[Round "6.39"]
[White "Dann, Matthias"]
[Black "Hampel, Felix"]
[Result "1-0"]
[WhiteElo "2476"]
[BlackElo "2294"]
[Annotator "TA"]
[PlyCount "73"]
[EventDate "2024.03.28"]
[EventType "swiss"]
[EventCountry "GER"]
[SourceTitle "playchess.com"]
[Source "ChessBase"]
[SourceQuality "1"]

1. e4 c5 2. Nf3 e6 3. d4 cxd4 4. Nxd4 Nc6 5. Nc3 Qc7 6. Be2 Nf6 7. Ndb5 Qb8 8. f4 d6 9. Be3 a6 10. Nd4 Qc7 11. g4 Nxd4 12. Qxd4 e5 13. Qd2 Bxg4 14. Bxg4 Nxg4 15. O-O-O Nxe3 16. Qxe3 Rc8 17. Kb1 Qc5 18. Qh3 Be7 19. Rd5 Qc6 20. f5 Qc4 21. Rg1 O-O 22. Qh6 g6 23. Rd3 Bf6 24. Rh3 Rfd8 25. Qxh7+ Kf8 26. fxg6 Bg7 27. gxf7 Qxf7 28. Rhg3 Rc7 29. Rxg7 Qxg7 30. Rxg7 Rxg7 31. Qh6 Kg8 32. b3 b5 33. Nd5 a5 34. Qe6+ Kh8 35. Ne7 a4 36. Qh6+ Rh7 37. Qf6+ 1-0

[Event "GRENKE Chess Open 2024"]
[Site "Karlsruhe"]
[Date "2024.03.31"]
[Round "6.39"]
[White "Kulon, Klaudia"]
[Black "van der Valk, Niklas"]
[Result "1-0"]
[WhiteElo "2335"]
[BlackElo "2093"]
[Annotator "RC"]
[PlyCount "58"]
[EventDate "2024.03.28"]
[EventType "swiss"]
[EventCountry "GER"]
[SourceTitle "playchess.com"]
[Source "ChessBase"]
[SourceQuality "1"]

1. c4 e5 2. g3 Nf6 3. Bg2 d5 4. cxd5 Nxd5 5. Nc3 Nb6 6. e3 Be7 7. Nge2 Nc6 8. O-O O-O 9. f4 exf4 10. Nxf4 Ne5 11. d4 Ng4 12. h3 Nf6 13. e4 c6 14. a4 a5 15. Be3 Bb4 16. Qb3 Qe7 17. Bf2 Ne8 18. Nd3 Bxc3 19. bxc3 Nd7 20. e5 Nc7 21. Rae1 Rd8 22. c4 Nf8 23. d5 cxd5 24. cxd5 Na6 25. Bb6 Re8 26. d6 Qd7 27. Bd5 Ne6 28. Rc1 h6 29. Bc4 Ng5 1-0

[Event "GRENKE Chess Open 2024"]
[Site "Karlsruhe"]
[Date "2024.03.31"]
[Round "6.40"]
[White "Ghimpu, Samuel-Timotei"]
[Black "Trifan, Andrei Ioan"]
[Result "1/2-1/2"]
[WhiteElo "2467"]
[BlackElo "2294"]
[Annotator "TA"]
[PlyCount "39"]
[EventDate "2024.03.28"]
[EventType "swiss"]
[EventCountry "GER"]
[SourceTitle "playchess.com"]
[Source "ChessBase"]
[SourceQuality "1"]

1. c4 e6 2. g3 Nf6 3. Bg2 d5 4. Nf3 Be7 5. O-O O-O 6. d3 b6 7. cxd5 Nxd5 8. a3 c5 9. e4 Nf6 10. d4 Bb7 11. e5 Nd5 12. dxc5 bxc5 13. Qa4 c4 14. Re1 Nb6 15. Qc2 Qd3 16. Qxd3 cxd3 17. Nc3 Nc6 18. Bg5 Rfd8 19. b3 Bxg5 20. Nxg5 1/2-1/2

[Event "GRENKE Chess Open 2024"]
[Site "Karlsruhe"]
[Date "2024.03.31"]
[Round "6.41"]
[White "Schneider, Ilja"]
[Black "Barzen, Pascal"]
[Result "1/2-1/2"]
[WhiteElo "2460"]
[BlackElo "2286"]
[Annotator "RC"]
[PlyCount "59"]
[EventDate "2024.03.28"]
[EventType "swiss"]
[EventCountry "GER"]
[SourceTitle "playchess.com"]
[Source "ChessBase"]
[SourceQuality "1"]

1. d4 Nf6 2. c4 e6 3. g3 c5 4. Nf3 cxd4 5. Nxd4 d5 6. Bg2 Bb4+ 7. Bd2 Bxd2+ 8. Qxd2 O-O 9. cxd5 Nxd5 10. Nc3 Nxc3 11. Qxc3 e5 12. Nb3 Nc6 13. O-O Bg4 14. Bxc6 bxc6 15. f3 Be6 16. Nc5 Re8 17. Rfd1 Qb6 18. Kg2 e4 19. fxe4 Bg4 20. h3 Be6 21. Rd3 Qc7 22. Rad1 Qe7 23. b3 h6 24. Rf3 Rad8 25. Rdd3 f6 26. Rxd8 Rxd8 27. Rd3 Re8 28. Qd4 Qf7 29. Qd6 Bxh3+ 30. Kxh3 1/2-1/2

[Event "GRENKE Chess Open 2024"]
[Site "Karlsruhe"]
[Date "2024.03.31"]
[Round "6.41"]
[White "Reller, Ole"]
[Black "Holtel, Jasper"]
[Result "1/2-1/2"]
[WhiteElo "2077"]
[BlackElo "2330"]
[Annotator "RC"]
[PlyCount "184"]
[EventDate "2024.03.28"]
[EventType "swiss"]
[EventCountry "GER"]
[SourceTitle "playchess.com"]
[Source "ChessBase"]
[SourceQuality "1"]

1. Nf3 Nf6 2. g3 d5 3. Bg2 c5 4. O-O e6 5. c4 d4 6. e3 Nc6 7. exd4 cxd4 8. d3 Bd6 9. Bg5 h6 10. Bxf6 Qxf6 11. Nbd2 Qe7 12. Re1 O-O 13. Nb3 Qf6 14. Nfd2 Bc7 15. a3 e5 16. Nc5 a5 17. Rb1 Qe7 18. Bxc6 bxc6 19. b4 axb4 20. axb4 Ra2 21. Ra1 Rxa1 22. Qxa1 Bd6 23. Ndb3 Bh3 24. Qd1 Rb8 25. Qh5 Rxb4 26. Qxh3 Bxc5 27. Nxc5 Qxc5 28. Qc8+ Qf8 29. Qxc6 f6 30. Ra1 Rb8 31. Ra7 Kh8 32. h4 Re8 33. h5 Rd8 34. Kg2 f5 35. Rd7 Rxd7 36. Qxd7 Qa8+ 37. Kg1 Qf8 38. Qd5 Qe8 39. c5 e4 40. Qxd4 Qxh5 41. dxe4 f4 42. Qd8+ Kh7 43. Qd5 g5 44. c6 fxg3 45. fxg3 Qe2 46. Qf7+ Kh8 47. Qf8+ Kh7 48. Qe7+ Kg6 49. Qe6+ Kg7 50. Qe5+ Kg8 51. Qc3 Qxe4 52. c7 Qb1+ 53. Kf2 Qf5+ 54. Ke3 Qe6+ 55. Kd2 Qc8 56. Qc4+ Kf8 57. Qc5+ Ke8 58. Ke3 Kd7 59. Ke4 Qe8+ 60. Kf3 Kc8 61. Qd6 h5 62. Qc5 Qf7+ 63. Ke4 Qe6+ 64. Kf3 Qf7+ 65. Kg2 Qa2+ 66. Kf1 Qf7+ 67. Kg1 g4 68. Qe5 Qxc7 69. Qe8+ Kb7 70. Qe4+ Ka6 71. Qd3+ Kb7 72. Kh2 Qc5 73. Qh7+ Ka6 74. Qd3+ Ka5 75. Qd2+ Ka4 76. Qa2+ Kb4 77. Qb2+ Ka5 78. Qa2+ Kb6 79. Qe6+ Qc6 80. Qb3+ Qb5 81. Qe3+ Qc5 82. Qb3+ Ka5 83. Qa2+ Kb4 84. Qb2+ Kc4 85. Qc2+ Kd4 86. Qf2+ Kd5 87. Qf5+ Kc6 88. Qg6+ Kb5 89. Qb1+ Ka6 90. Qg6+ Qb6 91. Qd3+ Qb5 92. Qd6+ Kb7 1/2-1/2

[Event "GRENKE Chess Open 2024"]
[Site "Karlsruhe"]
[Date "2024.03.31"]
[Round "6.42"]
[White "Chittka, Julius"]
[Black "Krastev, Alexander"]
[Result "0-1"]
[WhiteElo "2326"]
[BlackElo "2457"]
[Annotator "TA"]
[PlyCount "88"]
[EventDate "2024.03.28"]
[EventType "swiss"]
[EventCountry "GER"]
[SourceTitle "playchess.com"]
[Source "ChessBase"]
[SourceQuality "1"]

1. d4 Nf6 2. Nf3 e6 3. Bf4 d5 4. e3 c5 5. Nbd2 Nc6 6. c3 cxd4 7. exd4 Nh5 8. Be3 Bd6 9. Ne5 g6 10. Nd3 O-O 11. g3 b6 12. Be2 Ng7 13. O-O f6 14. f4 Bd7 15. Bf3 Rc8 16. Bg2 Na5 17. Re1 Bb5 18. Qc2 Qd7 19. Bf2 Rfe8 20. a4 Ba6 21. Bf1 Nc4 22. Nxc4 dxc4 23. Nc1 Bb7 24. Bg2 Bd5 25. Be3 Nf5 26. Qf2 Qc6 27. Bd2 Bf8 28. Ne2 Nd6 29. g4 Ne4 30. Qe3 Nxc3 31. bxc3 Bxg2 32. Ng3 Bd5 33. Ne4 Bg7 34. g5 Bxe4 35. Qxe4 fxg5 36. fxg5 Qxe4 37. Rxe4 e5 38. dxe5 Rxe5 39. Rxe5 Bxe5 40. Re1 Rc5 41. Kg2 Kf7 42. Kf3 Ke6 43. Ke4 Rd5 44. Bf4 Bxc3 0-1

[Event "GRENKE Chess Open 2024"]
[Site "Karlsruhe"]
[Date "2024.03.31"]
[Round "6.42"]
[White "Joeres, Stefan"]
[Black "Heberla, Bartlomiej"]
[Result "1/2-1/2"]
[WhiteElo "2227"]
[BlackElo "2557"]
[Annotator "TA"]
[PlyCount "56"]
[EventDate "2024.03.28"]
[EventType "swiss"]
[EventCountry "GER"]
[SourceTitle "playchess.com"]
[Source "ChessBase"]
[SourceQuality "1"]

1. e4 e5 2. Nc3 Nf6 3. g3 c6 4. d4 d6 5. dxe5 dxe5 6. Qxd8+ Kxd8 7. Bc4 Ke8 8. a4 a5 9. Nf3 Bd6 10. h3 Nbd7 11. Be3 h6 12. Ke2 Bb4 13. Bd2 Ke7 14. g4 Bxc3 15. Bxc3 Nxe4 16. Bxe5 Nxe5 17. Nxe5 Kf6 18. Ke3 Nd6 19. f4 Re8 20. Bd3 g5 21. Rhe1 Be6 22. Kf3 Re7 23. Re3 Rae8 24. Rae1 Bc8 25. c3 Be6 26. Kg3 Bb3 27. h4 gxh4+ 28. Kxh4 Kg7 1/2-1/2

[Event "GRENKE Chess Open 2024"]
[Site "Karlsruhe"]
[Date "2024.03.31"]
[Round "6.43"]
[White "Senthil Maran K"]
[Black "Froewis, Georg"]
[Result "1-0"]
[WhiteElo "2301"]
[BlackElo "2450"]
[Annotator "TA"]
[PlyCount "118"]
[EventDate "2024.03.28"]
[EventType "swiss"]
[EventCountry "GER"]
[SourceTitle "playchess.com"]
[Source "ChessBase"]
[SourceQuality "1"]

1. d4 Nf6 2. g3 c5 3. d5 b5 4. a4 Bb7 5. Bg2 a6 6. c4 e6 7. e4 d6 8. axb5 axb5 9. Rxa8 Bxa8 10. cxb5 Nbd7 11. Ne2 exd5 12. exd5 Nb6 13. Nec3 Be7 14. O-O O-O 15. Na3 Nfd7 16. Qb3 Bf6 17. Nc4 Nxc4 18. Qxc4 Nb6 19. Qb3 Bb7 20. Bf4 Re8 21. Ne4 Be5 22. Bxe5 Rxe5 23. Nc3 g6 24. Qa2 Qe7 25. b3 Bc8 26. Qa5 Qb7 27. Na4 Nd7 28. Qd8+ Kg7 29. Nb2 Nf6 30. Nc4 Re8 31. Qxd6 Qxb5 32. Qc7 Qd7 33. Qxc5 Ba6 34. Qc6 Qxc6 35. dxc6 Bxc4 36. bxc4 Re5 37. Rd1 Rc5 38. Bd5 Ne8 39. f4 Nd6 40. Kf2 Nxc4 41. Rc1 Rxd5 42. Rxc4 Rd8 43. c7 Rc8 44. Ke3 Kf6 45. Ke4 Ke6 46. g4 Kd6 47. g5 Re8+ 48. Kd4 Rc8 49. Rc2 Ke6 50. Rc6+ Kd7 51. Kd5 Rxc7 52. Rxc7+ Kxc7 53. Ke5 Kd7 54. Kf6 Ke8 55. Kg7 Ke7 56. Kxh7 Ke6 57. Kg7 Ke7 58. h4 Ke6 59. Kf8 Kd5 1-0

[Event "GRENKE Chess Open 2024"]
[Site "Karlsruhe"]
[Date "2024.03.31"]
[Round "6.43"]
[White "Hartge, Gedeon"]
[Black "Guliyev, Namig"]
[Result "0-1"]
[WhiteElo "2225"]
[BlackElo "2508"]
[Annotator "TA"]
[PlyCount "126"]
[EventDate "2024.03.28"]
[EventType "swiss"]
[EventCountry "GER"]
[SourceTitle "playchess.com"]
[Source "ChessBase"]
[SourceQuality "1"]

1. d4 d5 2. c4 dxc4 3. Nf3 Nf6 4. e3 e6 5. Bxc4 a6 6. O-O Nbd7 7. a3 b5 8. Be2 Bb7 9. b4 Bd6 10. Bb2 O-O 11. Nbd2 Nb6 12. Qc2 Na4 13. Rac1 Nxb2 14. Qxb2 Nd7 15. Qc2 f5 16. Rfd1 Qe7 17. Qc3 g5 18. Ne5 Nf6 19. Bf3 Nd5 20. Nc6 Qg7 21. Qb3 Kh8 22. Bxd5 exd5 23. Na5 Bc8 24. Qxd5 Rb8 25. g3 f4 26. e4 Bg4 27. e5 fxg3 28. fxg3 Bxd1 29. exd6 Bg4 30. Rxc7 Qf6 31. Qe4 Bf5 32. Qe5 Rbe8 33. Re7 Qxe5 34. Rxe5 Rc8 35. Rc5 Rcd8 36. Nb7 Rd7 37. Rc7 Rff7 38. Nc5 Rxc7 39. dxc7 Rxc7 40. Nf3 Rc6 41. Kf2 h6 42. Ke3 Rd6 43. Ne5 Kg7 44. Nb7 Re6 45. Nc5 Re8 46. Kd2 Kf6 47. Kc3 Bc8 48. Kd3 Bf5+ 49. Kc3 h5 50. Kb3 g4 51. a4 Rd8 52. Kc3 bxa4 53. Nxa4 h4 54. Nc5 hxg3 55. hxg3 Rh8 56. Nxa6 Rh3 57. b5 Rxg3+ 58. Kb4 Rg1 59. b6 g3 60. Kc5 Rc1+ 61. Kd6 g2 62. b7 g1=Q 63. b8=R Qxd4# 0-1

[Event "GRENKE Chess Open 2024"]
[Site "Karlsruhe"]
[Date "2024.03.31"]
[Round "6.44"]
[White "Saraci, Nderim"]
[Black "Vyval, Volodymyr"]
[Result "1-0"]
[WhiteElo "2450"]
[BlackElo "2279"]
[Annotator "TA"]
[PlyCount "51"]
[EventDate "2024.03.28"]
[EventType "swiss"]
[EventCountry "GER"]
[SourceTitle "playchess.com"]
[Source "ChessBase"]
[SourceQuality "1"]

1. d4 Nf6 2. c4 g6 3. Nc3 d5 4. Bg5 Ne4 5. Bf4 Nxc3 6. bxc3 Bg7 7. e3 O-O 8. Nf3 c5 9. Rc1 Qa5 10. Qd2 dxc4 11. Bxc4 Nc6 12. d5 Nb8 13. d6 e6 14. h4 b5 15. Bd3 Bb7 16. h5 Nd7 17. hxg6 fxg6 18. Ng5 e5 19. Bg3 c4 20. Be4 Bxe4 21. Nxe4 Rae8 22. Qd5+ Kh8 23. Qb7 Nb6 24. Ng5 h5 25. Rxh5+ gxh5 26. Qe4 1-0

[Event "GRENKE Chess Open 2024"]
[Site "Karlsruhe"]
[Date "2024.03.31"]
[Round "6.44"]
[White "Minor, Samuel"]
[Black "Efroimski, Marsel"]
[Result "1/2-1/2"]
[WhiteElo "2224"]
[BlackElo "2467"]
[Annotator "TA"]
[PlyCount "68"]
[EventDate "2024.03.28"]
[EventType "swiss"]
[EventCountry "GER"]
[SourceTitle "playchess.com"]
[Source "ChessBase"]
[SourceQuality "1"]

1. e4 c5 2. Nf3 Nc6 3. Bb5 e6 4. O-O Nge7 5. Re1 b6 6. c3 a6 7. Ba4 b5 8. Bc2 c4 9. a4 Bb7 10. axb5 axb5 11. Rxa8 Qxa8 12. Na3 Qa5 13. d3 Ba6 14. dxc4 bxc4 15. Qe2 Qc7 16. Nxc4 Na5 17. b3 Nxc4 18. bxc4 Bxc4 19. Bd3 Bxd3 20. Qxd3 Nc6 21. Rd1 Bc5 22. Nd4 O-O 23. Nxc6 Qxc6 24. Be3 Bxe3 25. Qxe3 Rc8 26. h3 Qxc3 27. Qxc3 Rxc3 28. Rxd7 Rc1+ 29. Kh2 g5 30. g4 Re1 31. f3 Kg7 32. Kg3 Re3 33. Ra7 Kf6 34. Rb7 Ke5 1/2-1/2

[Event "GRENKE Chess Open 2024"]
[Site "Karlsruhe"]
[Date "2024.03.31"]
[Round "6.45"]
[White "Durak, Can"]
[Black "Solonar, Stefan"]
[Result "0-1"]
[WhiteElo "2450"]
[BlackElo "2271"]
[Annotator "TA"]
[PlyCount "106"]
[EventDate "2024.03.28"]
[EventType "swiss"]
[EventCountry "GER"]
[SourceTitle "playchess.com"]
[Source "ChessBase"]
[SourceQuality "1"]

1. d4 Nf6 2. Bg5 d5 3. e3 Bf5 4. Bxf6 exf6 5. Bd3 Qd7 6. Nf3 Bd6 7. Bxf5 Qxf5 8. O-O O-O 9. Nbd2 Qe6 10. Rc1 Nd7 11. c4 c6 12. Qb3 Rab8 13. Rfd1 f5 14. g3 Nf6 15. Ne1 Ne4 16. cxd5 cxd5 17. Ndf3 g5 18. Nd2 f4 19. exf4 gxf4 20. Ng2 Ng5 21. Nf3 Nh3+ 22. Kf1 fxg3 23. hxg3 Rfe8 24. Re1 Qf5 25. Ngh4 Qg4 26. Qc2 Re4 27. Rxe4 dxe4 28. Nh2 Qg5 29. Rd1 Nxf2 30. Qxf2 Bxg3 31. N4f3 exf3 32. Nxf3 Qg6 33. Qe2 Rc8 34. d5 Rc2 35. Rd2 Rc1+ 36. Rd1 Rxd1+ 37. Qxd1 h5 38. Qd4 b6 39. a4 Bd6 40. Nd2 Bc5 41. Qc4 Qf6+ 42. Ke1 Qxb2 43. Ne4 Qe5 44. Kd1 Bd4 45. Qd3 f5 46. Ng3 Qxd5 47. Nxf5 Qh1+ 48. Kc2 Qc6+ 49. Kb1 Bf6 50. Nh6+ Kg7 51. Nf5+ Kf8 52. Qe3 Qh1+ 53. Kc2 Qg2+ 0-1

[Event "GRENKE Chess Open 2024"]
[Site "Karlsruhe"]
[Date "2024.03.31"]
[Round "6.45"]
[White "Brodowski, Piotr"]
[Black "Schulze, Marc"]
[Result "1/2-1/2"]
[WhiteElo "2435"]
[BlackElo "2223"]
[Annotator "TA"]
[PlyCount "26"]
[EventDate "2024.03.28"]
[EventType "swiss"]
[EventCountry "GER"]
[SourceTitle "playchess.com"]
[Source "ChessBase"]
[SourceQuality "1"]

1. d4 Nf6 2. c4 d6 3. Nc3 e5 4. Nf3 Nbd7 5. g3 g6 6. Bg2 Bg7 7. O-O O-O 8. e4 c6 9. h3 a6 10. Be3 b5 11. c5 b4 12. Na4 Nxe4 13. cxd6 Nxd6 1/2-1/2